| 000 | 00511nam a2200133Ia 4500 | ||
|---|---|---|---|
| 008 | 100328s9999 xx 000 0 und d | ||
| 082 | _b67761 | ||
| 100 | _aजोगळेकर प्रमोद-अनु.(मूळ लेखक-मायकेल क्रायटन). | ||
| 245 | _aप्रे सावज (Prey). | ||
| 260 | _bमेहता पब्लिशिंग हाऊस. | ||
| 630 | _aप्रे सावज (Prey). | ||
| 730 | _aप्रे सावज (Prey). | ||
| 942 | _cBOOK | ||
| 999 |
_c553500 _d553497 |
||